[Event "SR 2. liga A 2015/2016"]
[Site "?"]
[Date "2016.02.14"]
[Round "9.2"]
[White "Mackovic, Miroslav"]
[Black "Ochrana, Ladislav"]
[Result "0-1"]
[WhiteElo "1856"]
[BlackElo "1917"]
[PlyCount "108"]
[EventDate "2015.??.??"]

1. e4 e6 2. d4 d5 3. Nc3 dxe4 4. Nxe4 Nf6 5. Nxf6+ Qxf6 6. Nf3 h6 7. Be3 Bd6 8.
Nd2 O-O 9. Ne4 Qe7 10. Nxd6 Qxd6 11. c3 Qc6 12. f3 Rd8 13. Bd3 Nd7 14. Bf4 Qb6
15. Qe2 c5 16. Be3 Qc7 17. O-O b6 18. Rae1 Bb7 19. Bb1 cxd4 20. Bxd4 Qc8 21.
Qc2 Nf8 22. Rf2 Qc6 23. Re4 Qc7 24. Rh4 Qe7 25. Rh3 Rac8 26. Qe2 Rc7 27. Qe3 f6
28. Qe1 Rcd7 29. Bc2 e5 30. Be3 Ne6 31. Rd2 Rxd2 32. Bxd2 Nc5 33. Be3 Bc8 34.
Rg3 Kf8 35. b4 Nd3 36. Qb1 Qd6 37. Bf2 Nxf2 38. Kxf2 Qd2+ 39. Kg1 Qxc3 40. h3
Rd2 41. Bb3 f5 42. Rg6 Re2 43. Kh2 Rb2 44. Qd1 Rd2 45. Qb1 Qxf3 46. Qe1 Qf4+
47. Qg3 Qxg3+ 48. Rxg3 Bb7 49. Rg6 f4 50. Kg1 e4 51. b5 e3 52. Rg4 g5 53. Be6
Rd1+ 54. Kh2 e2 0-1

[Event "SR 2. liga A 2015/2016"]
[Site "?"]
[Date "2016.02.14"]
[Round "9.2"]
[White "Kucera, Michal"]
[Black "Bango, Dominik"]
[Result "1-0"]
[WhiteElo "1859"]
[BlackElo "1813"]
[PlyCount "73"]
[EventDate "2015.??.??"]

1. e4 e5 2. Nf3 Nc6 3. Bb5 Nf6 4. O-O Be7 5. Re1 d6 6. d4 exd4 7. Nxd4 Bd7 8.
Nc3 O-O 9. f3 a6 10. Nxc6 bxc6 11. Bc4 Re8 12. Qd3 h6 13. Be3 Bf8 14. Kh1 a5
15. Rad1 Be6 16. Bb3 Bxb3 17. axb3 Nd7 18. Qd2 Nb6 19. Qf2 Qb8 20. Qg3 Re6 21.
f4 Kh7 22. f5 Re8 23. Bf4 a4 24. e5 dxe5 25. Bxe5 Rxe5 26. Qxe5 Bd6 27. Qe4
axb3 28. cxb3 Nd7 29. Qxc6 Nc5 30. Qd5 Nxb3 31. Qxf7 Qb4 32. Qg6+ Kg8 33. Re8+
Rxe8 34. Qxe8+ Kh7 35. Qg6+ Kg8 36. f6 Bf8 37. Rd8 1-0

[Event "SR 2. liga A 2015/2016"]
[Site "?"]
[Date "2016.02.14"]
[Round "9.2"]
[White "Dobis, Pavol"]
[Black "Jurcak, Marian"]
[Result "0-1"]
[WhiteElo "1700"]
[BlackElo "1802"]
[PlyCount "54"]
[EventDate "2015.??.??"]

1. d4 Nf6 2. Nf3 g6 3. e3 Bg7 4. c4 d5 5. Nc3 O-O 6. h3 b6 7. Bd2 Ba6 8. Qa4
dxc4 9. Bxc4 Bxc4 10. Qxc4 c6 11. O-O b5 12. Qe2 a5 13. a3 Nbd7 14. Rac1 a4 15.
Na2 Rc8 16. Nb4 Qb6 17. Nd3 Ne4 18. Bb4 Rfe8 19. Nd2 Nd6 20. Qf3 Nf5 21. Nc5
Nf6 22. Rc2 Nd5 23. Nd3 Nxb4 24. Nxb4 c5 25. dxc5 Rxc5 26. Rxc5 Qxc5 27. Nd3
Qc2 0-1

[Event "SR 2. liga A 2015/2016"]
[Site "?"]
[Date "2016.02.14"]
[Round "9.3"]
[White "Liptak, Tomas"]
[Black "Dolnak, Michal"]
[Result "1-0"]
[WhiteElo "2222"]
[BlackElo "2214"]
[PlyCount "73"]
[EventDate "2015.??.??"]

1. e4 e5 2. Nf3 Nc6 3. Bb5 Nf6 4. d3 Bc5 5. c3 d6 6. Nbd2 O-O 7. O-O a6 8. Ba4
Ba7 9. h3 h6 10. Re1 b5 11. Bc2 Nh5 12. Nf1 Qf6 13. Be3 Nf4 14. Bxa7 Rxa7 15.
Ne3 Ne7 16. Kh2 Be6 17. Ng1 Nfg6 18. Rf1 Qg5 19. Nf3 Qf6 20. g3 d5 21. Nd2 c6
22. Ng2 Bc8 23. f4 exf4 24. gxf4 Qd6 25. Qe2 f6 26. d4 dxe4 27. Nxe4 Qd7 28.
Qf3 Nd5 29. Nc5 Qf7 30. f5 Qc7+ 31. Kh1 Nge7 32. Rf2 g6 33. fxg6 Kg7 34. h4
Nxg6 35. Rg1 Nge7 36. Nf4+ Kh8 37. Nfe6 1-0

[Event "SR 2. liga A 2015/2016"]
[Site "?"]
[Date "2016.02.14"]
[Round "9.3"]
[White "Slacky, Stanislav"]
[Black "Drtina, Milan"]
[Result "0-1"]
[WhiteElo "2171"]
[BlackElo "2159"]
[PlyCount "84"]
[EventDate "2015.??.??"]

1. d4 Nf6 2. c4 g6 3. g3 Bg7 4. Bg2 O-O 5. Nf3 d6 6. Nc3 c6 7. O-O Qc7 8. e4
Bg4 9. Be3 Nbd7 10. Rc1 e5 11. c5 dxc5 12. dxc5 Rfd8 13. Qc2 Nf8 14. b4 Ne6 15.
Ne2 Rd7 16. Rfd1 Rad8 17. h3 Bxf3 18. Bxf3 h5 19. Bg2 Kh7 20. Rb1 Bh6 21. Bxh6
Kxh6 22. Kf1 Kg7 23. Ke1 Nd4 24. Nxd4 Rxd4 25. a3 h4 26. g4 Nh7 27. Qc3 Ng5 28.
Qe3 Ne6 29. Bf1 Nf4 30. f3 g5 31. Qb3 Qd7 32. Qc2 Kf6 33. a4 Ke7 34. b5 Rxd1+
35. Rxd1 Qxd1+ 36. Qxd1 Rxd1+ 37. Kxd1 Ne6 38. b6 a6 39. Bxa6 Nxc5 40. Bc4 Nxa4
41. Ba6 Nc5 42. Bc4 Nd7 0-1

[Event "SR 2. liga A 2015/2016"]
[Site "?"]
[Date "2016.02.14"]
[Round "9.3"]
[White "Kovacocy, Pavel"]
[Black "Duriga, Stefan"]
[Result "1/2-1/2"]
[WhiteElo "2186"]
[BlackElo "2232"]
[PlyCount "105"]
[EventDate "2015.??.??"]

1. e4 d6 2. d4 Nf6 3. Nc3 g6 4. Nf3 Bg7 5. h3 O-O 6. Be2 c5 7. dxc5 Qa5 8. Bd2
Qxc5 9. O-O a6 10. Re1 b5 11. Bd3 Nbd7 12. a4 b4 13. Na2 Rb8 14. c3 bxc3 15.
Bxc3 Nh5 16. Bxg7 Kxg7 17. b4 Qa7 18. e5 dxe5 19. Nxe5 Nxe5 20. Rxe5 Rd8 21.
Qb1 Qd4 22. Re3 e5 23. Bf1 Nf4 24. b5 axb5 25. axb5 Bf5 26. Qe1 f6 27. Nb4 Ra8
28. Rc1 Rd7 29. Qc3 Ra4 30. Nc6 Qxc3 31. Rexc3 Nd5 32. Rb3 Be6 33. Rd3 Nb6 34.
Nd8 Bd5 35. Nc6 Bxc6 36. Rxc6 Rxd3 37. Bxd3 Rd4 38. Bf1 Nd5 39. Ra6 Rb4 40. Rd6
Nc3 41. Rc6 Na4 42. g3 f5 43. h4 h5 44. Rc4 Rxc4 45. Bxc4 Kf6 46. Kf1 g5 47.
Be2 g4 48. Bc4 Nb6 49. Bb3 Nd7 50. Ke2 Ke7 51. Bd5 Kd6 52. Bf7 Nf6 53. Kd3
1/2-1/2

[Event "SR 2. liga A 2015/2016"]
[Site "?"]
[Date "2016.02.14"]
[Round "9.3"]
[White "Bronis, Marian"]
[Black "Puskar, Peter"]
[Result "1/2-1/2"]
[WhiteElo "2128"]
[BlackElo "2221"]
[PlyCount "110"]
[EventDate "2015.??.??"]

1. d4 Nf6 2. c4 e6 3. Nc3 d5 4. cxd5 exd5 5. Bg5 Nbd7 6. e3 c6 7. Qc2 Be7 8.
Bd3 O-O 9. Nge2 Re8 10. O-O h6 11. Bh4 Ne4 12. Bg3 Nxg3 13. Nxg3 Nf6 14. a3 Be6
15. b4 Rc8 16. Na4 b6 17. Rac1 Bd6 18. Qd2 Bd7 19. Nc3 h5 20. Rfe1 g6 21. Rb1
h4 22. Nf1 Ne4 23. Nxe4 dxe4 24. Ba6 Rc7 25. Kh1 h3 26. g3 Qf6 27. Qe2 b5 28.
Nd2 Qf5 29. Nb3 Qg5 30. Nc5 Bg4 31. Qf1 Qf5 32. a4 Rb8 33. Kg1 Qf3 34. axb5
cxb5 35. Ra1 g5 36. Ra5 Bxc5 37. dxc5 Bd7 38. Rd1 g4 39. Rd6 Kh7 40. Rd4 Bc6
41. Ra1 Rd7 42. Rad1 Rbd8 43. Rd6 Rxd6 44. cxd6 Kg8 45. Rd4 f6 46. Rd1 Kf7 47.
Rd4 Ke6 48. d7 Rxd7 49. Bc8 Ke7 50. Bxd7 Bxd7 51. Rxd7+ Kxd7 52. Qxb5+ Ke7 53.
Qc5+ Kf7 54. Qd5+ Kg7 55. Kf1 Qh1+ 1/2-1/2

[Event "SR 2. liga A 2015/2016"]
[Site "?"]
[Date "2016.02.14"]
[Round "9.3"]
[White "Nicolini, Alexander"]
[Black "Sukuba, Zdeno"]
[Result "1/2-1/2"]
[WhiteElo "2154"]
[BlackElo "2133"]
[PlyCount "22"]
[EventDate "2015.??.??"]

1. e4 c6 2. d4 d5 3. exd5 cxd5 4. Bd3 Nc6 5. c3 Nf6 6. h3 e5 7. dxe5 Nxe5 8.
Bc2 Bc5 9. Nf3 Nxf3+ 10. Qxf3 Qe7+ 11. Be3 Bxe3 1/2-1/2

[Event "SR 2. liga A 2015/2016"]
[Site "?"]
[Date "2016.02.14"]
[Round "9.3"]
[White "Biro, Karol"]
[Black "Puchart, Vladimir"]
[Result "1/2-1/2"]
[WhiteElo "2075"]
[BlackElo "2034"]
[PlyCount "136"]
[EventDate "2015.??.??"]

1. Nf3 d5 2. g3 Nf6 3. Bg2 Bf5 4. d3 e6 5. O-O c6 6. c3 a5 7. Nbd2 Bc5 8. a4 h6
9. Nb3 Bb6 10. Nbd4 Bh7 11. b4 axb4 12. cxb4 e5 13. Nb3 Nbd7 14. a5 Bc7 15. Be3
O-O 16. Qc1 Re8 17. Nc5 Nxc5 18. Bxc5 e4 19. dxe4 Bxe4 20. Bd4 Qe7 21. Bc5 Bd6
22. Bxd6 Qxd6 23. Qb2 Nd7 24. Rfc1 Ne5 25. Qd4 Nxf3+ 26. exf3 Bf5 27. Bf1 Qe5
28. Qd2 Qd6 29. Qd4 Qe5 30. Qb6 Re7 31. Ra2 Qd6 32. Ra3 Qd7 33. b5 cxb5 34.
Bxb5 Qd8 35. Qxd8+ Rxd8 36. g4 Be6 37. Bd3 Rc8 38. Rxc8+ Bxc8 39. Rc3 Be6 40.
h3 Kf8 41. f4 Bd7 42. Kf1 Ke8 43. Rc5 Bc6 44. Bb5 Rc7 45. Rxd5 Bxb5+ 46. Rxb5
Kd7 47. Kg2 Kc6 48. Rb6+ Kd7 49. Kg3 Rc3+ 50. f3 Kc7 51. Rb5 Kc6 52. Re5 Kd6
53. h4 Rb3 54. g5 hxg5 55. Rxg5 g6 56. f5 gxf5 57. Rxf5 Ke7 58. h5 b6 59. axb6
Rxb6 60. Kg4 Kf8 61. Rg5 Ra6 62. f4 Rb6 63. Ra5 Kg7 64. Kg5 Rc6 65. Ra7 Rc5+
66. f5 Rc6 67. Ra4 f6+ 68. Kh4 Rc5 1/2-1/2

[Event "SR 2. liga A 2015/2016"]
[Site "?"]
[Date "2016.02.14"]
[Round "9.3"]
[White "Doucha, Ludvig"]
[Black "Petreje, Juraj"]
[Result "1/2-1/2"]
[WhiteElo "1963"]
[BlackElo "2024"]
[PlyCount "35"]
[EventDate "2015.??.??"]

1. d4 Nf6 2. Nf3 c5 3. e3 b6 4. Bd3 Bb7 5. Nbd2 Nc6 6. c3 g6 7. a3 Bg7 8. b4
O-O 9. Bb2 cxd4 10. cxd4 d5 11. O-O Rc8 12. Qe2 Rc7 13. Rac1 Qb8 14. b5 Na5 15.
Rxc7 Qxc7 16. Rc1 Qd6 17. Ne5 Rc8 18. Rxc8+ 1/2-1/2

[Event "SR 2. liga A 2015/2016"]
[Site "?"]
[Date "2016.02.14"]
[Round "9.3"]
[White "Mandak, Miroslav"]
[Black "Mosny, Jaroslav"]
[Result "1-0"]
[WhiteElo "2028"]
[BlackElo "1964"]
[PlyCount "93"]
[EventDate "2015.??.??"]

1. e4 e5 2. Nf3 d6 3. Bc4 Be7 4. d3 Nf6 5. O-O O-O 6. h3 c6 7. Bb3 Nbd7 8. c3
Nc5 9. Bc2 Qc7 10. Re1 Re8 11. Nbd2 Ne6 12. d4 Nf8 13. a4 Bd7 14. Nf1 Ng6 15.
Be3 b6 16. Ng3 Bf8 17. Qd2 Rad8 18. Bg5 Be7 19. Bb3 Be6 20. Bc2 Kh8 21. Nf5 Ng8
22. Bxe7 N8xe7 23. Ng5 Ng8 24. Nxe6 fxe6 25. Ne3 Nf6 26. g3 Qe7 27. Qe2 Rf8 28.
a5 b5 29. Ng4 h6 30. dxe5 dxe5 31. Ne3 Nh7 32. Red1 Rde8 33. Kg2 Ng5 34. Qg4
Qf6 35. Rf1 Nf3 36. Rad1 Re7 37. Nf5 Ree8 38. Qxf3 exf5 39. Qxf5 Ne7 40. Qxf6
Rxf6 41. Rd7 a6 42. Rfd1 c5 43. R1d6 Nc6 44. Rxf6 gxf6 45. Rd6 Nxa5 46. Rxa6
Nc4 47. b3 1-0

[Event "SR 2. liga A 2015/2016"]
[Site "?"]
[Date "2016.02.14"]
[Round "9.4"]
[White "Jablonicky, Martin"]
[Black "Klemanic, Emil"]
[Result "1/2-1/2"]
[WhiteElo "2230"]
[BlackElo "2151"]
[PlyCount "78"]
[EventDate "2015.??.??"]

1. c4 e5 2. Nc3 Nc6 3. g3 g6 4. Bg2 Bg7 5. e3 d6 6. Nge2 f5 7. O-O Nf6 8. a3
O-O 9. d3 Be6 10. Nd5 Bf7 11. Nec3 Nxd5 12. Nxd5 Rb8 13. Rb1 Ne7 14. Bd2 c6 15.
Nxe7+ Qxe7 16. Qc2 Be6 17. b4 b5 18. Bxc6 Rfc8 19. cxb5 Rxb5 20. Qa4 Rxc6 21.
Qxb5 Rc2 22. Rfd1 f4 23. Rbc1 Ra2 24. exf4 Bg4 25. Qd5+ Qf7 26. Qa8+ Bf8 27. f3
Be6 28. Be3 exf4 29. Bxf4 Bd5 30. Qb8 g5 31. Rc8 gxf4 32. Qxd6 Bxf3 33. Rdc1
Rg2+ 34. Kf1 fxg3 35. hxg3 Bg4+ 36. Kxg2 Qf3+ 37. Kg1 Qe3+ 38. Kg2 Qe2+ 39. Kg1
Qe3+ 1/2-1/2

[Event "SR 2. liga A 2015/2016"]
[Site "?"]
[Date "2016.02.14"]
[Round "9.4"]
[White "Madar, Martin"]
[Black "Spacek, Oliver"]
[Result "1-0"]
[WhiteElo "2088"]
[BlackElo "2163"]
[PlyCount "120"]
[EventDate "2015.??.??"]

1. e4 c5 2. d3 Nc6 3. Nf3 g6 4. g3 Bg7 5. Bg2 Nf6 6. O-O d5 7. Nbd2 O-O 8. Re1
h6 9. c3 Be6 10. Qe2 Kh7 11. Nf1 c4 12. dxc4 dxe4 13. N3d2 Ne5 14. Nxe4 Bxc4
15. Ng5+ hxg5 16. Qxe5 g4 17. Qxe7 Bd5 18. Qxd8 Raxd8 19. Bg5 Bxg2 20. Kxg2
Rde8 21. Bxf6 Bxf6 22. Ne3 Re4 23. Nd5 Rxe1 24. Nxf6+ Kg7 25. Rxe1 Kxf6 26. Re4
Rd8 27. Rxg4 Rd2 28. Rb4 b6 29. Kf3 Rc2 30. Ke3 Kg7 31. h4 Kh6 32. f3 Kh5 33.
Rb5+ f5 34. Kf4 Kh6 35. h5 Kxh5 36. g4+ Kh6 37. gxf5 g5+ 38. Kg3 Kg7 39. f4 Kf6
40. Kf3 gxf4 41. Kxf4 Re2 42. a4 Rh2 43. a5 bxa5 44. Rxa5 Rf2+ 45. Ke4 Re2+ 46.
Kd4 Rxb2 47. Rxa7 Kxf5 48. Re7 Kf6 49. Re4 Rc2 50. c4 Rc1 51. Kd5 Kf7 52. c5
Rd1+ 53. Kc6 Rb1 54. Kc7 Rb2 55. c6 Rb1 56. Kc8 Kf8 57. c7 Kf7 58. Kd7 Rd1+ 59.
Kc6 Rc1+ 60. Kd6 Rc2 1-0

[Event "SR 2. liga A 2015/2016"]
[Site "?"]
[Date "2016.02.14"]
[Round "9.4"]
[White "Jablonicky, Frantisek"]
[Black "Janos, Ivan"]
[Result "1-0"]
[WhiteElo "2117"]
[BlackElo "2060"]
[PlyCount "91"]
[EventDate "2015.??.??"]

1. Nf3 c5 2. c4 Nf6 3. e3 g6 4. d4 Bg7 5. Nc3 O-O 6. d5 d6 7. Be2 e6 8. e4 exd5
9. exd5 Re8 10. O-O Bf5 11. Bd3 Ne4 12. Nxe4 Bxe4 13. Bxe4 Rxe4 14. Qc2 Qe8 15.
Be3 f5 16. Rae1 h6 17. b3 Nd7 18. Bf4 Qe7 19. Rxe4 fxe4 20. Re1 Re8 21. Nd2 g5
22. Rxe4 Be5 23. Bg3 Qf7 24. Qd1 Qf5 25. Qf3 Qg6 26. Nf1 h5 27. Re2 h4 28. Bxe5
Nxe5 29. Qe4 Qh5 30. Re3 Kg7 31. h3 Rf8 32. Re1 Rf4 33. Qe2 Qf7 34. Ne3 Qg6 35.
Ng4 Nxg4 36. hxg4 Qf6 37. Qe7+ Qxe7 38. Rxe7+ Rf7 39. Re2 Kf8 40. Re6 Re7 41.
Rf6+ Ke8 42. Rxd6 Re1+ 43. Kh2 Re2 44. Re6+ Rxe6 45. dxe6 Ke7 46. g3 1-0

[Event "SR 2. liga A 2015/2016"]
[Site "?"]
[Date "2016.02.14"]
[Round "9.4"]
[White "Michal, Silvio"]
[Black "Polasek, Filip"]
[Result "1-0"]
[WhiteElo "2112"]
[BlackElo "2097"]
[PlyCount "51"]
[EventDate "2015.??.??"]

1. c4 e6 2. d4 d5 3. Nc3 Nf6 4. Bg5 Nbd7 5. e3 Be7 6. Nf3 O-O 7. Rc1 c6 8. a3
Nb6 9. c5 Nbd7 10. b4 b5 11. Bd3 Ne8 12. Bf4 f5 13. h4 h6 14. h5 Bf6 15. Ne2 a5
16. Rg1 Qe7 17. Ne5 Nxe5 18. dxe5 Bh4 19. Nd4 Bb7 20. g4 Bxf2+ 21. Kxf2 Qh4+
22. Rg3 axb4 23. axb4 Ra2+ 24. Rc2 Qh2+ 25. Rg2 Qh4+ 26. Kg1 1-0

[Event "SR 2. liga A 2015/2016"]
[Site "?"]
[Date "2016.02.14"]
[Round "9.4"]
[White "Ocko, Martin"]
[Black "Srna, Jan"]
[Result "1/2-1/2"]
[WhiteElo "1936"]
[BlackElo "1937"]
[PlyCount "30"]
[EventDate "2015.??.??"]

1. e4 e6 2. Nf3 d5 3. e5 c5 4. b4 Qb6 5. bxc5 Bxc5 6. d4 Bf8 7. Bd3 Bd7 8. O-O
Bb5 9. a4 Bxd3 10. Qxd3 a6 11. c3 Nc6 12. Bf4 Na5 13. Nbd2 Rc8 14. Rfc1 Ne7 15.
h4 g6 1/2-1/2

[Event "SR 2. liga A 2015/2016"]
[Site "?"]
[Date "2016.02.14"]
[Round "9.4"]
[White "Hulla, Stanislav"]
[Black "Sobek, Michal"]
[Result "0-1"]
[WhiteElo "1938"]
[BlackElo "1875"]
[PlyCount "86"]
[EventDate "2015.??.??"]

1. d4 d5 2. Bf4 e6 3. Nf3 c5 4. e3 Nc6 5. c3 Nf6 6. Nbd2 Be7 7. Ne5 Nxe5 8.
dxe5 Nd7 9. Qg4 Bf8 10. Nf3 Qb6 11. Rb1 Qa5 12. Bd3 c4 13. Bc2 Qxa2 14. O-O g6
15. h4 h5 16. Qg3 Rg8 17. e4 Nc5 18. exd5 exd5 19. Nd4 Ne6 20. Be3 Nxd4 21.
Bxd4 b5 22. f4 Bg7 23. Qf3 Be6 24. f5 gxf5 25. Bxf5 Qa6 26. Ra1 Qc6 27. Qxh5
Bxf5 28. Qxf5 Qg6 29. Qxg6 fxg6 30. Ra6 Bf8 31. Rfa1 Rg7 32. Re6+ Kd7 33. Rea6
Ke8 34. Bxa7 Rgxa7 35. Rxa7 Rxa7 36. Rxa7 Bc5+ 37. Kh2 Bxa7 38. Kg3 Bb8 39. Kf4
Kf7 40. g4 Ke6 41. Kg5 Bxe5 42. Kxg6 d4 43. cxd4 Bxd4 0-1

[Event "SR 2. liga A 2015/2016"]
[Site "?"]
[Date "2016.02.14"]
[Round "9.4"]
[White "Danada, Ondrej"]
[Black "Badura, Peter"]
[Result "1-0"]
[WhiteElo "1944"]
[BlackElo "1899"]
[PlyCount "49"]
[EventDate "2015.??.??"]

1. e4 c5 2. Nf3 d6 3. d4 cxd4 4. Nxd4 Nf6 5. Nc3 a6 6. Bg5 e6 7. f4 Be7 8. Qf3
Qc7 9. O-O-O Nc6 10. g4 Rb8 11. f5 b5 12. Bxf6 Bxf6 13. Bxb5 axb5 14. Ndxb5 Qa5
15. Nxd6+ Ke7 16. e5 Nxe5 17. Qg3 Qb4 18. b3 Qa3+ 19. Kb1 Nxg4 20. Nc4 Qb4 21.
Qc7+ Bd7 22. Rxd7+ Kf8 23. Ne4 Nh6 24. Nxf6 gxf6 25. Rd8+ 1-0

[Event "SR 2. liga A 2015/2016"]
[Site "?"]
[Date "2016.02.14"]
[Round "9.4"]
[White "Kosnac, Patrik"]
[Black "Ulehla, Jakub"]
[Result "1-0"]
[WhiteElo "1753"]
[BlackElo "1681"]
[PlyCount "71"]
[EventDate "2015.??.??"]

1. d4 d5 2. c4 c6 3. Nc3 e6 4. e3 Nf6 5. Nf3 Bd6 6. Bd3 Nbd7 7. O-O O-O 8. e4
dxe4 9. Nxe4 Nxe4 10. Bxe4 Nf6 11. Bc2 b6 12. b3 Qc7 13. Bb2 Rd8 14. Qd3 c5 15.
d5 e5 16. Nd2 g6 17. f4 e4 18. Qc3 Be7 19. Nxe4 Rd6 20. Nxd6 Qxd6 21. Qe5 Qxe5
22. fxe5 Ne8 23. Be4 Bd8 24. d6 Rb8 25. Bd5 Be6 26. d7 Ng7 27. g4 b5 28. Ba3 b4
29. Bb2 a5 30. Rad1 Bc7 31. h3 Rd8 32. Bc6 Bb6 33. Kg2 Kf8 34. Bc1 h5 35. Kg3
Kg8 36. Bg5 1-0

[Event "SR 2. liga A 2015/2016"]
[Site "?"]
[Date "2016.02.14"]
[Round "9.5"]
[White "Balogh, Peter"]
[Black "Slapak, Zdenek"]
[Result "1/2-1/2"]
[WhiteElo "2166"]
[BlackElo "2096"]
[PlyCount "22"]
[EventDate "2015.??.??"]

1. e4 c5 2. Nf3 Nc6 3. b3 d6 4. Bb2 e6 5. Bb5 Bd7 6. O-O Nf6 7. Re1 Be7 8. Bxc6
Bxc6 9. e5 dxe5 10. Nxe5 Qd5 11. Nxc6 Qxc6 1/2-1/2

[Event "SR 2. liga A 2015/2016"]
[Site "?"]
[Date "2016.02.14"]
[Round "9.5"]
[White "Kolcak, Marek"]
[Black "Takacs, Laszlo"]
[Result "1/2-1/2"]
[WhiteElo "2066"]
[BlackElo "2182"]
[PlyCount "122"]
[EventDate "2015.??.??"]

1. e4 c5 2. Nf3 e6 3. d4 cxd4 4. Nxd4 a6 5. Nc3 Qc7 6. Bd3 Nf6 7. O-O Bc5 8.
Nb3 Be7 9. a4 d6 10. a5 Nbd7 11. Be3 Nc5 12. Nxc5 dxc5 13. b3 Bd7 14. f4 Bc6
15. e5 Nd5 16. Bd2 Nb4 17. Be4 O-O-O 18. Qc1 f5 19. Bxc6 Qxc6 20. Na4 Kb8 21.
Rf3 Qe4 22. Bxb4 cxb4 23. Qe3 Qxe3+ 24. Rxe3 Rd5 25. Nb6 Rd2 26. Rd3 Bc5+ 27.
Kh1 Rxd3 28. cxd3 Bxb6 29. axb6 Rc8 30. g4 fxg4 31. f5 exf5 32. d4 Rd8 33. Rd1
Rd5 34. Kg2 Kc8 35. Kf2 Kd7 36. Ke3 Kc6 37. Kf4 g6 38. Kg5 Rd8 39. Rc1+ Kd5 40.
Rc7 Ke4 41. e6 f4 42. e7 Re8 43. Kf6 f3 44. Kf7 f2 45. Rc1 Rxe7+ 46. Kxe7 Kxd4
47. Kd6 h5 48. Rf1 Ke3 49. Kc7 h4 50. Rxf2 Kxf2 51. Kxb7 g3 52. hxg3 hxg3 53.
Kxa6 g2 54. b7 g1=Q 55. b8=Q Qg4 56. Qb6+ Ke2 57. Ka5 g5 58. Qb5+ Kd2 59. Ka4
Qf4 60. Qd5+ Kc3 61. Qxg5 Qxg5 1/2-1/2

[Event "SR 2. liga A 2015/2016"]
[Site "?"]
[Date "2016.02.14"]
[Round "9.5"]
[White "Cibulka, Vladimir"]
[Black "Cambel, Vladimir"]
[Result "0-1"]
[WhiteElo "2167"]
[BlackElo "2049"]
[PlyCount "64"]
[EventDate "2015.??.??"]

1. d4 Nf6 2. Nf3 g6 3. Bf4 Bg7 4. e3 c5 5. c3 b6 6. Be2 Bb7 7. O-O O-O 8. h3 d6
9. a4 Nbd7 10. Na3 a6 11. Re1 Re8 12. Bf1 h6 13. Bh2 Rc8 14. Rc1 Rc7 15. Nd2
Qa8 16. f3 Rec8 17. Qb3 Nd5 18. Rcd1 cxd4 19. exd4 Nxc3 20. bxc3 Rxc3 21. Qa2
Bxd4+ 22. Kh1 e5 23. Ndb1 Bd5 24. Qd2 Rb3 25. Rc1 Rxc1 26. Qxc1 Rxf3 27. Re2
Rxh3 28. Rc2 Nc5 29. Nc3 Bb7 30. Nc4 Qd8 31. Qe1 Qf6 32. Ne2 Bf2 0-1

[Event "SR 2. liga A 2015/2016"]
[Site "?"]
[Date "2016.02.14"]
[Round "9.5"]
[White "Sulek, Viliam"]
[Black "Kalmar, Tamas"]
[Result "1/2-1/2"]
[WhiteElo "2067"]
[BlackElo "2021"]
[PlyCount "47"]
[EventDate "2015.??.??"]

1. e4 c6 2. d4 d5 3. exd5 cxd5 4. Bd3 Nc6 5. c3 g6 6. Nf3 Bg7 7. O-O Nf6 8. Re1
O-O 9. Bg5 Bg4 10. Nbd2 Rc8 11. h3 Bf5 12. Qe2 Bxd3 13. Qxd3 Qc7 14. Qe3 Rfe8
15. Ne5 e6 16. Bh6 Bh8 17. f4 b5 18. Bg5 Na5 19. b4 Nb7 20. Bxf6 Bxf6 21. Rec1
Nd6 22. Nb3 Bg7 23. Nc5 Bh6 24. Ng4 1/2-1/2

[Event "SR 2. liga A 2015/2016"]
[Site "?"]
[Date "2016.02.14"]
[Round "9.5"]
[White "Veselsky, Jozef"]
[Black "Sturc, Gustav"]
[Result "1-0"]
[WhiteElo "2099"]
[BlackElo "2024"]
[PlyCount "87"]
[EventDate "2015.??.??"]

1. d4 Nf6 2. Nf3 d5 3. c4 c6 4. Nc3 g6 5. Bg5 Bg7 6. e3 O-O 7. Be2 Nbd7 8. O-O
dxc4 9. Bxc4 Nb6 10. Bb3 Bg4 11. h3 Bd7 12. e4 Qc8 13. Rc1 Qe8 14. Re1 h6 15.
Be3 Kh7 16. a4 Rd8 17. Qc2 Ng8 18. a5 Nc8 19. Bf4 Nd6 20. e5 Bf5 21. Qe2 Nb5
22. Nxb5 cxb5 23. g4 Be6 24. Bxe6 fxe6 25. Be3 g5 26. Nd2 Qf7 27. Qxb5 Rd5 28.
Rc5 h5 29. Rxd5 exd5 30. Qe2 Nh6 31. Rc1 e6 32. Kg2 hxg4 33. hxg4 Qd7 34. Nf3
Nf7 35. Qc2+ Kg8 36. Rh1 Rd8 37. Qg6 Nh8 38. Rxh8+ Kxh8 39. Qh5+ Kg8 40. Bxg5
Qe8 41. Bxd8 Qxd8 42. Ng5 Qe7 43. Qh7+ Kf8 44. Qg6 1-0

[Event "SR 2. liga A 2015/2016"]
[Site "?"]
[Date "2016.02.14"]
[Round "9.5"]
[White "Marosi, Csaba"]
[Black "Isa, Vlastimil"]
[Result "1/2-1/2"]
[WhiteElo "2013"]
[BlackElo "1939"]
[PlyCount "104"]
[EventDate "2015.??.??"]

1. e4 c5 2. Nf3 Nc6 3. Bb5 g6 4. O-O Bg7 5. Re1 d6 6. c3 Bd7 7. h3 Nf6 8. d4
cxd4 9. cxd4 O-O 10. Nc3 a6 11. Bf1 Re8 12. Bg5 h6 13. Be3 Kh7 14. Rc1 Rc8 15.
Qb3 e6 16. Qxb7 Rb8 17. Qxa6 Rxb2 18. Qa3 Qb8 19. Rb1 Rxb1 20. Rxb1 Qc7 21. Bd3
Bf8 22. Qc1 Rb8 23. Rxb8 Qxb8 24. Qb1 Qc7 25. Bd2 Qa7 26. Nb5 Qa4 27. Qb3 Qxb3
28. axb3 d5 29. e5 Ne4 30. Be1 Nb4 31. Bxb4 Bxb4 32. Kf1 Bxb5 33. Bxb5 Nd2+ 34.
Nxd2 Bxd2 35. Ke2 Bb4 36. Kd3 Kg7 37. g4 g5 38. Bc6 Kf8 39. Bb5 Kg7 40. Ke3 Kf8
41. Bc6 Kg7 42. Bd7 Kf8 43. Bc8 Kg7 44. f4 gxf4+ 45. Kxf4 Bd2+ 46. Kf3 Bb4 47.
Bd7 Kf8 48. Ke3 Ke7 49. Bb5 Kf8 50. Bc6 Kg7 51. Bd7 Kf8 52. Kd3 Ke7 1/2-1/2

[Event "SR 2. liga A 2015/2016"]
[Site "?"]
[Date "2016.02.14"]
[Round "9.5"]
[White "Vadila, Ondrej"]
[Black "Meszaros, Lorant"]
[Result "0-1"]
[WhiteElo "1705"]
[BlackElo "2006"]
[PlyCount "144"]
[EventDate "2015.??.??"]

1. e4 e5 2. Nf3 Nc6 3. d4 exd4 4. Nxd4 Nf6 5. Nc3 Bb4 6. Nxc6 bxc6 7. Bd3 d5 8.
exd5 cxd5 9. O-O O-O 10. Bg5 Be7 11. Re1 c6 12. h3 Rb8 13. Na4 Be6 14. Bf4 Rb4
15. Bd2 Rxa4 16. c3 Re4 17. Bxe4 Nxe4 18. Be3 Qc7 19. Qa4 Ra8 20. Rad1 Qb7 21.
Qb3 Qa6 22. Rd4 c5 23. Ra4 Qc6 24. Qc2 Bd7 25. Ra3 a6 26. f3 Nf6 27. Bg5 Bd8
28. Qe2 Be6 29. b4 cxb4 30. cxb4 Qd6 31. Qd3 Bb6+ 32. Be3 Bc7 33. f4 Nh5 34.
Qd4 Nxf4 35. Bxf4 Qxf4 36. Qxf4 Bxf4 37. b5 a5 38. Rb1 Bd2 39. Rd3 Bf5 40. Rbb3
Bxd3 41. Rxd3 Bc1 42. Rxd5 a4 43. Rd1 Be3+ 44. Kf1 g6 45. Ke2 Bc5 46. Rc1 Be7
47. Kd3 Rb8 48. Rb1 Rb6 49. Kc4 Kf8 50. Rb2 h5 51. Kd5 Ke8 52. Kc4 Kd7 53. Rf2
f6 54. Re2 Bd6 55. g4 hxg4 56. hxg4 Rb8 57. Rf2 Ke6 58. Re2+ Kd7 59. Rf2 Rc8+
60. Kd3 Be5 61. Re2 Rc3+ 62. Kd2 Rc5 63. Re4 a3 64. Ra4 Bb2 65. Ra7+ Kc8 66.
Rg7 g5 67. Rg8+ Kb7 68. Rf8 Rxb5 69. Rf7+ Kb6 70. Rd7 Rb4 71. Rd3 Rxg4 72. Rf3
Kc5 0-1

[Event "SR 2. liga A 2015/2016"]
[Site "?"]
[Date "2016.02.14"]
[Round "9.6"]
[White "Cech, Dominik"]
[Black "Janos, Martin"]
[Result "1/2-1/2"]
[WhiteElo "2116"]
[BlackElo "2258"]
[PlyCount "146"]
[EventDate "2015.??.??"]

1. e4 c5 2. Nf3 Nc6 3. d4 cxd4 4. Nxd4 e5 5. Nb5 d6 6. c4 f5 7. exf5 Bxf5 8.
Bd3 Be6 9. O-O Be7 10. N1c3 a6 11. Na3 Nf6 12. Bg5 O-O 13. Bxf6 Rxf6 14. Nc2
Rh6 15. Ne3 Qd7 16. Ned5 Rf8 17. Be4 Bd8 18. Qd3 Qe8 19. b3 Nd4 20. f4 b5 21.
cxb5 axb5 22. Rae1 Bd7 23. Qd1 b4 24. Nb1 Be6 25. Nd2 Qb5 26. Ne3 exf4 27. Nc2
Nxc2 28. Bxc2 Bb6+ 29. Kh1 Qg5 30. Nf3 Qh5 31. Qe2 Be3 32. Be4 d5 33. Bc2 g5
34. h3 Qe8 35. Nxg5 Bd7 36. Qf3 Qe5 37. Nxh7 Rc8 38. Rxe3 Qxe3 39. Qxd5+ Qe6
40. Qxe6+ Bxe6 41. Be4 Rc5 42. Rxf4 Kg7 43. Nf8 Bc8 44. Ng6 Ra5 45. Ne7 Bd7 46.
Nd5 Rxa2 47. Nxb4 Rb2 48. Bd5 Rf6 49. Rxf6 Kxf6 50. Bc4 Bf5 51. Nd3 Rd2 52. Nc5
Ke5 53. Kg1 Kd4 54. Ne6+ Ke3 55. Ng5 Kf4 56. Nf3 Rb2 57. Bd5 Kg3 58. Kf1 Rxg2
59. Nd4 Bd3+ 60. Ke1 Rb2 61. Kd1 Kf4 62. Kc1 Rh2 63. Nf3 Rc2+ 64. Kd1 Rc5 65.
Bb7 Ke3 $19 66. Ng1 Rb5 67. Ba6 Rxb3 68. Bxd3 Rxd3+ 69. Ke1 Ra3 70. Kf1 Ra2 71.
h4 Rf2+ 72. Ke1 Rh2 73. Kf1 Rxh4 {
( necitatelne zapisy, remiza opakovanim tahov v 110.tahu )} 1/2-1/2